Semiología general (Registro nro. 167533)
[ vista simple ]
| 000 -ENCABEZADO | |
|---|---|
| Número de control [NR] | 00935 a2200265 4500 |
| 005 - FECHA Y HORA DE LA ÚLTIMA TRANSACCIÓN | |
| control field | 20250617090518.0 |
| 008 - DE LONGITUD FIJA DE DATOS DE ELEMENTOS - INFORMACIÓN GENERAL | |
| Elementos de longitud fija [NR] | 130703s1948 ag a frn 001 0 spa |
| 040 ## - FUENTE DE CATALOGACION [NR] | |
| Agencia de catalogación original [NR] | CO-BoUCM |
| Idioma de catalogación [NR] | spa |
| Quien Cataloga | Luz Cupitra (modificó) |
| Quien Clasifica | Aldemar Mondragón |
| 041 ## - CODIGO DE IDIOMA [R] | |
| Código de idioma para texto/pista de sonido o título separado [R] | Español |
| 060 ## - SIGNATURA TOPOGRAFICA DE LA BIBLIOTECA NACIONAL DE MEDICINA (NLM) [R] | |
| Número clasificador [R] | WB 143 |
| 100 1# - ASIENTO PRINCIPAL--NOMBRE PERSONAL [NR] | |
| Nombre personal [NR] | Padilla, Tiburcio |
| ID Autoridad | 39946 |
| 245 10 - MENCION DE TITULO [NR] | |
| Título [NR] | Semiología general |
| Mención de responsabilidad, etc. [NR] | Tiburcio Padilla, Julio Piñeiro Sorondo |
| 250 ## - MENCION DE EDICION [NR] | |
| Mención de edición [NR] | 4a ed |
| 260 ## - PUBLICACION, DISTRIBUCION, ETC. (PIE DE IMPRENTA) [R] | |
| Lugar de publicación, distribución, etc. [R] | Buenos Aires |
| Nombre del editor, distribuidor, etc. [R] | El Ateneo |
| Fecha de publicación, distribución, etc. [R] | 1948 |
| 300 ## - DESCRIPCION FISICA [R] | |
| Extensión [R] | 348 páginas |
| Otros detalles físicos [NR] | ilustraciones |
| 490 0# - MENCION DE SERIE [R] | |
| Mención de serie [R] | Biblioteca de Semiología |
| 504 ## - NOTA DE BIBLIOGRAFIA, ETC. [R] | |
| Nota de bibliografía, etc. [NR] | Incluye referencias bibliográficas e índices |
| 505 ## - NOTA DE CONTENIDO CON FORMATO PREESTABLECIDO [R] | |
| State manifest and birth record (1764-1977). | Semiología de huesos, articulaciones y columna vertebral |
| 650 #7 - ASIENTO SECUNDARIO DE MATERIA - TERMINO TEMATICO [R] | |
| Término temático o nombre geográfico como elemento de entrada [NR] | Diagnóstico |
| 9 (RLIN) | 13137 |
| 650 #7 - ASIENTO SECUNDARIO DE MATERIA - TERMINO TEMATICO [R] | |
| Término temático o nombre geográfico como elemento de entrada [NR] | Pronóstico médico |
| 9 (RLIN) | 22566 |
| 650 #7 - ASIENTO SECUNDARIO DE MATERIA - TERMINO TEMATICO [R] | |
| Término temático o nombre geográfico como elemento de entrada [NR] | Semiología (Medicina) |
| 9 (RLIN) | 24181 |
| 690 ## - ASUNTO AGREGADO LOCAL DE ENTRADA - TÉRMINO TEMÁTICO (OCLC, RLIN) | |
| Acceso temático local | Medicina interna |
| 9 (RLIN) | 19165 |
| 700 1# - ASIENTO SECUNDARIO - NOMBRE PERSONAL [R] | |
| Nombre personal [NR] | Piñeiro, Sorondo, Julio |
| 9 (RLIN) | 40032 |
| 942 ## - ELEMENTOS DE ENTRADA AGREGADOS (KOHA) | |
| Tema principal | 15 |
| Tipo de ítem principal el descrito en 300a | Libro |
| Edición | 4 |
| Parte restante de la signatura top. | P123s |
| Sistema de clasificación | NLM |
| Clasificación | WB 143 |
| Suprimido | Perdido | Sistema de clasificación | Dañado | No prestable | Tipo de ítem específico | Ubicación habitual | Ubicación actual | Localización | Fecha de creación | Proveedor | Forma de adquisición | Costo | Volúmen / Fascículo | Total préstamos | Total Renewals | Signatura topográfica | Código de barras | Última vez visto | Fecha de último préstamo | Ejemplar | Costo de reposición | Price effective from | Tipo de ítem | Nota pública (OPAC) |
|---|---|---|---|---|---|---|---|---|---|---|---|---|---|---|---|---|---|---|---|---|---|---|---|---|
| NLM | Libro | Archivo Histórico | Archivo Histórico | Archivo histórico | 31/05/2013 | 12 | Donación | 0.00 | 4a.Ed. | 1 | 10 | WB 143 P123s | 200026211 | 05/12/2023 | 12/07/2013 | Ej.1 | 26000.00 | 31/05/2013 | Libro | TRANSFERENCIA CRAI C19 |